000 00914nam a2200241 i 4500
001 bg
100 1 _aNOBLE, Alexander
_d(1954- )
245 1 0 _aPrzewodnik po Unii Europejskiej :
_bod Rzymu do Maastricht i Amsterdamu /
_cAlexander Noble ; z ang. przeł. Stanisław Zalewski ; ed. pol. uaktual. i wzbogacona przez Ewę Synowiec.
246 _iTyt. oryg.:
_aFrom Rome to Maastricht : the essential guide to the European Union
250 _aWyd. 2 popr.
260 _aWarszawa :
_b"Książka i Wiedza",
_ccop. 2000.
300 _a283, [1] s. ;
_c21 cm.
500 _aTyt. oryg.: "From Rome to Maastricht : the essential guide to the European Union" 1995.
610 2 9 _aUnia Europejska
700 1 _aSYNOWIEC, Ewa
020 _a8305131343
040 _cBPK
041 1 _apl
_hen
080 _a339.923:061.1A/Z](4-67)
920 _a83-05-13134-3
942 _cKS
008 s pl f |000 0 pol
999 _c38116
_d38116
856 _uhttp://koha.tu.koszalin.pl/cgi-bin/koha/opac-detail.pl?biblionumber=38116
_yKatalog online BPK